| 000 | 00479nam a22001817a 4500 | ||
|---|---|---|---|
| 003 | CEME | ||
| 005 | 20210628202502.0 | ||
| 008 | 210208b xxu||||| |||| 00| 0 eng d | ||
| 020 | _a81-7635-643-3 | ||
| 040 | _c. | ||
| 082 | _a006.612 DAV | ||
| 100 |
_aSchwartz, Steve Davis, Phyllis _960104 |
||
| 245 | _aCoreldraw 10 for windows, visual quickstart guide | ||
| 260 |
_aNEW DELHI _bTECHMEDIA _c2002 |
||
| 300 | _aIX,270P | ||
| 650 |
_aCORELDRAW 10 _960105 |
||
| 942 |
_cBK _2ddc |
||
| 999 |
_c569922 _d569922 |
||